[Event "29. Klatovy C 2023"]
[Site "Klatovy"]
[Date "2023.07.01"]
[Round "1.1"]
[White "Pribyl, Josef"]
[Black "Prachar, Josef"]
[Result "1-0"]
[WhiteElo "2230"]
[BlackElo "1732"]
[PlyCount "99"]
[EventDate "2023.07.01"]
[EventType "swiss"]
[EventRounds "9"]
[EventCountry "CZE"]
[TimeControl "120+30"]

1. c4 {[%emt 0:00:08]} Nf6 {[%emt 0:00:24]} 2. Nc3 {[%emt 0:00:09]} g6 {[%emt 0:00:29]} 3. e4 {[%emt 0:00:43]} d6 {[%emt 0:00:14]} 4. d4 {[%emt 0:00:11]} Bg7 {[%emt 0:00:19]} 5. f4 {[%emt 0:00:12]} O-O {[%emt 0:00:35]} 6. Nf3 {[%emt 0:00:09]} c5 {[%emt 0:00:56]} 7. Be2 {[%emt 0:02:11]} cxd4 {[%emt 0:02:09]} 8. Nxd4 {[%emt 0:00:03]} Nc6 {[%emt 0:03:33]} 9. Be3 {[%emt 0:00:03]} a6 {[%emt 0:01:08]} 10. O-O {[%emt 0:00:26]} e5 {[%emt 0:02:32]} 11. Nxc6 {[%emt 0:02:12]} bxc6 {[%emt 0:00:12]} 12. fxe5 {[%emt 0:00:03]} dxe5 {[%emt 0:00:24]} 13. Qxd8 {[%emt 0:00:43]} Rxd8 {[%emt 0:00:10]} 14. Bg5 {[%emt 0:00:18]} Rd6 {[%emt 0:09:14]} 15. c5 {[%emt 0:00:02]} Re6 {[%emt 0:00:09]} 16. Bc4 {[%emt 0:00:28]} h6 {[%emt 0:02:37]} 17. Bxe6 {[%emt 0:00:11]} hxg5 {[%emt 0:00:16]} 18. Bxc8 {[%emt 0:01:04]} Rxc8 {[%emt 0:00:15]} 19. Rad1 {[%emt 0:00:24]} Kf8 {[%emt 0:03:10]} 20. Rd6 {[%emt 0:05:30]} Ke7 {[%emt 0:00:36]} 21. b3 {[%emt 0:02:55]} Ne8 {[%emt 0:03:03]} 22. Rd3 {[%emt 0:01:08]} Nc7 {[%emt 0:06:59]} 23. Na4 {[%emt 0:09:30]} Ne6 {[%emt 0:03:16]} 24. Kf2 {[%emt 0:06:10]} Rh8 {[%emt 0:06:54]} 25. h3 {[%emt 0:01:08]} Rh4 {[%emt 0:00:50]} 26. Re1 {[%emt 0:02:18]} Nd4 {[%emt 0:05:59]} 27. Rg3 {[%emt 0:05:48]} f6 {[%emt 0:07:07]} 28. Nc3 {[%emt 0:03:32]} Ke6 {[%emt 0:03:00]} 29. Rd3 {[%emt 0:05:32]} Bf8 {[%emt 0:02:34]} 30. Na4 {[%emt 0:00:02]} Be7 {[%emt 0:01:17]} 31. Rd2 {[%emt 0:06:18]} Rh8 {[%emt 0:07:24]} 32. Re3 {[%emt 0:01:48]} Rb8 {[%emt 0:00:59]} 33. g4 {[%emt 0:02:01]} Rb5 {[%emt 0:01:35]} 34. Rc3 {[%emt 0:00:03]} Bd8 {[%emt 0:00:29]} 35. Rc4 {[%emt 0:01:45]} Be7 {[%emt 0:03:25]} 36. Kg3 {[%emt 0:02:01]} Bf8 {[%emt 0:03:30]} 37. Kf2 {[%emt 0:02:13]} Be7 {[%emt 0:01:59]} 38. Ke3 {[%emt 0:06:02]} Rb8 {[%emt 0:02:46]} 39. Rh2 {[%emt 0:00:05]} Rh8 {[%emt 0:02:16]} 40. Nb2 {[%emt 0:04:16]} Kd7 {[%emt 0:05:43]} 41. Nd3 {[%emt 0:00:31]} Kc7 {[%emt 0:01:37]} 42. Kf2 {[%emt 0:03:54]} Kb7 {[%emt 0:04:21]} 43. Kg3 {[%emt 0:00:25]} Ne6 {[%emt 0:03:08]} 44. Rb4+ {[%emt 0:02:38]} Kc7 {[%emt 0:00:42]} 45. Rb6 {[%emt 0:00:55]} Nxc5 {[%emt 0:09:19]} 46. Nxc5 {[%emt 0:00:02]} Bxc5 {[%emt 0:00:14]} 47. Rxa6 {[%emt 0:00:09]} Kb7 {[%emt 0:00:31]} 48. Ra4 {[%emt 0:00:15]} Rd8 {[%emt 0:00:14]} 49. Rc2 {[%emt 0:00:24]} Rd3+ {[%emt 0:00:42]} 50. Kg2 {[%emt 0:00:08]} 1-0

[Event "29. Klatovy C 2023"]
[Site "Klatovy"]
[Date "2023.07.01"]
[Round "1.2"]
[White "Truksa, Vaclav"]
[Black "Mlynek, Petr"]
[Result "1/2-1/2"]
[WhiteElo "1725"]
[BlackElo "2035"]
[PlyCount "113"]
[EventDate "2023.07.01"]
[EventType "swiss"]
[EventRounds "9"]
[EventCountry "CZE"]
[TimeControl "120+30"]

1. d4 {[%emt 0:00:30]} d5 {[%emt 0:00:32]} 2. c4 {[%emt 0:00:13]} c6 {[%emt 0:00:11]} 3. e3 {[%emt 0:00:38]} Nf6 {[%emt 0:00:14]} 4. Nc3 {[%emt 0:00:16]} e6 {[%emt 0:00:18]} 5. Nf3 {[%emt 0:00:28]} Nbd7 {[%emt 0:00:18]} 6. Bd3 {[%emt 0:00:16]} dxc4 {[%emt 0:00:15]} 7. Bxc4 {[%emt 0:00:11]} b5 {[%emt 0:00:06]} 8. Bd3 {[%emt 0:00:25]} a6 {[%emt 0:00:14]} 9. O-O {[%emt 0:02:08]} c5 {[%emt 0:01:30]} 10. b3 {[%emt 0:04:30]} Bb7 {[%emt 0:01:16]} 11. Bb2 {[%emt 0:00:41]} Be7 {[%emt 0:01:46]} 12. Rc1 {[%emt 0:02:11]} cxd4 {[%emt 0:02:26]} 13. exd4 {[%emt 0:01:56]} O-O {[%emt 0:01:09]} 14. Re1 {[%emt 0:00:21]} Rc8 {[%emt 0:04:02]} 15. Bb1 {[%emt 0:00:47]} Nb6 {[%emt 0:01:58]} 16. Ne4 {[%emt 0:05:48]} Bb4 {[%emt 0:05:39]} 17. Rxc8 {[%emt 0:00:45]} Qxc8 {[%emt 0:03:21]} 18. Nxf6+ {[%emt 0:01:13]} gxf6 {[%emt 0:00:07]} 19. Re3 {[%emt 0:02:55]} Nd5 {[%emt 0:00:32]} 20. Rd3 {[%emt 0:02:26]} Kh8 {[%emt 0:03:29]} 21. Nh4 {[%emt 0:00:34]} Rg8 {[%emt 0:02:30]} 22. Rg3 {[%emt 0:01:04]} Bd6 {[%emt 0:02:30]} 23. Rxg8+ {[%emt 0:04:53]} Qxg8 {[%emt 0:00:10]} 24. Qh5 {[%emt 0:02:41]} Nf4 {[%emt 0:01:37]} 25. Qh6 {[%emt 0:01:15]} Qg7 {[%emt 0:04:14]} 26. Qxg7+ {[%emt 0:00:18]} Kxg7 {[%emt 0:00:02]} 27. f3 {[%emt 0:01:50]} b4 {[%emt 0:03:24]} 28. Kf2 {[%emt 0:00:31]} Bc6 {[%emt 0:09:37]} 29. g3 {[%emt 0:00:31]} Nd5 {[%emt 0:00:56]} 30. Ng2 {[%emt 0:02:50]} h5 {[%emt 0:03:04]} 31. Ne3 {[%emt 0:02:17]} Nxe3 {[%emt 0:07:46]} 32. Kxe3 {[%emt 0:00:16]} h4 {[%emt 0:00:49]} 33. f4 {[%emt 0:00:54]} hxg3 {[%emt 0:00:27]} 34. hxg3 {[%emt 0:00:10]} Bb5 {[%emt 0:10:07]} 35. Be4 {[%emt 0:05:09]} f5 {[%emt 0:12:37]} 36. Bf3 {[%emt 0:01:08]} f6 {[%emt 0:01:14]} 37. Bb7 {[%emt 0:03:34]} Kf7 {[%emt 0:00:36]} 38. Bf3 {[%emt 0:00:21]} Ke7 {[%emt 0:01:25]} 39. Bh5 {[%emt 0:01:14]} Bc7 {[%emt 0:00:49]} 40. g4 {[%emt 0:04:25]} fxg4 {[%emt 0:00:52]} 41. Bxg4 {[%emt 0:00:13]} f5 {[%emt 0:00:14]} 42. Bf3 {[%emt 0:00:21]} Bb6 {[%emt 0:00:38]} 43. Bh5 {[%emt 0:01:04]} Kd6 {[%emt 0:03:19]} 44. Bf3 {[%emt 0:00:43]} a5 {[%emt 0:00:39]} 45. Bd1 {[%emt 0:05:08]} Bc6 {[%emt 0:00:24]} 46. Bc2 {[%emt 0:02:11]} Bd5 {[%emt 0:00:23]} 47. a3 {[%emt 0:00:57]} Kc6 {[%emt 0:06:43]} 48. a4 {[%emt 0:00:45]} Bd8 {[%emt 0:02:02]} 49. Bc1 {[%emt 0:01:40]} Bh4 {[%emt 0:00:17]} 50. Bd2 {[%emt 0:02:29]} Bg3 {[%emt 0:00:24]} 51. Bd1 {[%emt 0:02:58]} Kd6 {[%emt 0:00:45]} 52. Bc2 {[%emt 0:00:23]} Ke7 {[%emt 0:00:09]} 53. Ke2 {[%emt 0:01:05]} Kf6 {[%emt 0:00:26]} 54. Ke3 {[%emt 0:00:58]} Kg6 {[%emt 0:00:24]} 55. Bd1 {[%emt 0:01:39]} Kh6 {[%emt 0:00:11]} 56. Bc1 {[%emt 0:01:01]} Be1 {[%emt 0:07:23]} 57. Bd2 {[%emt 0:00:02]} 1/2-1/2

[Event "29. Klatovy C 2023"]
[Site "Klatovy"]
[Date "2023.07.01"]
[Round "1.3"]
[White "Korsa, Jindrich"]
[Black "Berka, Lubos"]
[Result "1-0"]
[WhiteElo "1997"]
[BlackElo "1715"]
[PlyCount "51"]
[EventDate "2023.07.01"]
[EventType "swiss"]
[EventRounds "9"]
[EventCountry "CZE"]
[TimeControl "120+30"]

1. e4 {[%emt 0:00:36]} c6 {[%emt 0:00:20]} 2. Nc3 {[%emt 0:00:21]} d5 {[%emt 0:00:12]} 3. d4 {[%emt 0:00:46]} dxe4 {[%emt 0:00:08]} 4. Nxe4 {[%emt 0:00:06]} Nf6 {[%emt 0:00:07]} 5. Nxf6+ {[%emt 0:00:26]} exf6 {[%emt 0:00:06]} 6. c3 {[%emt 0:00:35]} Be6 {[%emt 0:01:44]} 7. Bd3 {[%emt 0:00:23]} c5 {[%emt 0:02:13]} 8. Be3 {[%emt 0:02:42]} cxd4 {[%emt 0:01:25]} 9. Bxd4 {[%emt 0:00:12]} Nc6 {[%emt 0:01:28]} 10. Qa4 {[%emt 0:02:51]} Bd5 {[%emt 0:04:06]} 11. f3 {[%emt 0:02:52]} Be7 {[%emt 0:06:35]} 12. Ne2 {[%emt 0:02:24]} O-O {[%emt 0:01:04]} 13. O-O-O {[%emt 0:06:26]} a6 {[%emt 0:03:07]} 14. Bf2 {[%emt 0:01:44]} Rc8 {[%emt 0:10:36]} 15. Bf5 {[%emt 0:11:21]} Qd6 {[%emt 0:03:47]} 16. Qf4 {[%emt 0:08:59]} Rcd8 {[%emt 0:04:38]} 17. Qxd6 {[%emt 0:03:43]} Rxd6 {[%emt 0:00:19]} 18. Bc5 {[%emt 0:00:16]} Rfd8 {[%emt 0:01:02]} 19. Bxd6 {[%emt 0:00:06]} Rxd6 {[%emt 0:00:09]} 20. Be4 {[%emt 0:01:41]} Bxa2 {[%emt 0:05:19]} 21. Rxd6 {[%emt 0:00:11]} Bxd6 {[%emt 0:00:08]} 22. Rd1 {[%emt 0:00:38]} Be7 {[%emt 0:01:40]} 23. Rd7 {[%emt 0:00:31]} Kf8 {[%emt 0:00:27]} 24. Rxb7 {[%emt 0:00:09]} Nd8 {[%emt 0:01:32]} 25. Rb8 {[%emt 0:02:19]} Bc4 {[%emt 0:00:38]} 26. Nd4 {[%emt 0:00:15]} 1-0

[Event "29. Klatovy C 2023"]
[Site "Klatovy"]
[Date "2023.07.01"]
[Round "1.4"]
[White "Macho, Miloslav"]
[Black "Chalus, Karel"]
[Result "0-1"]
[WhiteElo "1705"]
[BlackElo "1975"]
[PlyCount "96"]
[EventDate "2023.07.01"]
[EventType "swiss"]
[EventRounds "9"]
[EventCountry "CZE"]
[TimeControl "120+30"]

1. e4 {[%emt 0:05:19]} e5 {[%emt 0:00:06]} 2. Nf3 {[%emt 0:00:04]} Nc6 {[%emt 0:00:04]} 3. Bb5 {[%emt 0:00:06]} a6 {[%emt 0:00:05]} 4. Ba4 {[%emt 0:00:06]} Nf6 {[%emt 0:00:04]} 5. d3 {[%emt 0:00:31]} b5 {[%emt 0:04:19]} 6. Bb3 {[%emt 0:00:10]} Be7 {[%emt 0:00:15]} 7. c3 {[%emt 0:00:27]} O-O {[%emt 0:00:21]} 8. O-O {[%emt 0:00:10]} d6 {[%emt 0:04:28]} 9. Re1 {[%emt 0:03:20]} Na5 {[%emt 0:04:14]} 10. Bc2 {[%emt 0:00:57]} c5 {[%emt 0:02:55]} 11. Nbd2 {[%emt 0:02:20]} Ne8 {[%emt 0:16:40]} 12. Nf1 {[%emt 0:02:05]} f5 {[%emt 0:16:03]} 13. exf5 {[%emt 0:02:35]} Bxf5 {[%emt 0:02:27]} 14. h3 {[%emt 0:07:31]} Nc7 {[%emt 0:05:32]} 15. Ng3 {[%emt 0:07:34]} Bg6 {[%emt 0:12:20]} 16. d4 {[%emt 0:07:42]} Bxc2 {[%emt 0:03:16]} 17. Qxc2 {[%emt 0:00:06]} exd4 {[%emt 0:02:41]} 18. cxd4 {[%emt 0:00:16]} c4 {[%emt 0:10:29]} 19. Bd2 {[%emt 0:11:01]} Nc6 {[%emt 0:02:39]} 20. d5 {[%emt 0:10:10]} Ne5 {[%emt 0:01:14]} 21. Nxe5 {[%emt 0:03:30]} dxe5 {[%emt 0:01:51]} 22. Rxe5 {[%emt 0:03:16]} Bd6 {[%emt 0:06:33]} 23. Rg5 {[%emt 0:04:06]} Be7 {[%emt 0:06:08]} 24. Rh5 {[%emt 0:18:06]} g6 {[%emt 0:01:04]} 25. Re5 {[%emt 0:08:07]} Bf6 {[%emt 0:00:18]} 26. Re2 {[%emt 0:01:11]} Nxd5 {[%emt 0:00:51]} 27. Rd1 {[%emt 0:01:10]} Qb6 {[%emt 0:05:54]} 28. Bh6 {[%emt 0:02:28]} Nb4 {[%emt 0:01:14]} 29. Qe4 {[%emt 0:01:47]} Rfd8 {[%emt 0:00:17]} 30. Rxd8+ {[%emt 0:03:20]} Rxd8 {[%emt 0:00:04]} 31. b3 {[%emt 0:02:09]} Nxa2 {[%emt 0:03:21]} 32. bxc4 {[%emt 0:05:25]} Nc3 {[%emt 0:00:15]} 33. Qe6+ {[%emt 0:00:55]} Qxe6 {[%emt 0:00:05]} 34. Rxe6 {[%emt 0:00:04]} Bd4 {[%emt 0:02:12]} 35. cxb5 {[%emt 0:05:39]} axb5 {[%emt 0:00:59]} 36. Ne4 {[%emt 0:02:12]} Nxe4 {[%emt 0:03:56]} 37. Rxe4 {[%emt 0:00:03]} b4 {[%emt 0:00:20]} 38. Bg5 {[%emt 0:04:43]} Rd7 {[%emt 0:00:29]} 39. Re8+ {[%emt 0:01:41]} Kf7 {[%emt 0:00:24]} 40. Rb8 {[%emt 0:00:49]} Bc3 {[%emt 0:00:41]} 41. g3 {[%emt 0:02:28]} Ke6 {[%emt 0:00:27]} 42. Be3 {[%emt 0:02:11]} Kd5 {[%emt 0:00:45]} 43. Kf1 {[%emt 0:01:08]} Kc4 {[%emt 0:00:33]} 44. Rc8+ {[%emt 0:01:04]} Kd3 {[%emt 0:00:18]} 45. Rb8 {[%emt 0:01:26]} Kc2 {[%emt 0:00:19]} 46. Bc5 {[%emt 0:00:57]} b3 {[%emt 0:00:12]} 47. Re8 {[%emt 0:00:39]} b2 {[%emt 0:00:38]} 48. Re2+ {[%emt 0:00:38]} Rd2 {[%emt 0:00:20]} 0-1

[Event "29. Klatovy C 2023"]
[Site "Klatovy"]
[Date "2023.07.01"]
[Round "1.5"]
[White "Turner, Radek"]
[Black "Vavrinek, Tomas"]
[Result "1-0"]
[WhiteElo "1991"]
[BlackElo "1698"]
[PlyCount "135"]
[EventDate "2023.07.01"]
[EventType "swiss"]
[EventRounds "9"]
[EventCountry "CZE"]
[TimeControl "120+30"]

1. c4 {[%emt 0:00:07]} e5 {[%emt 0:00:19]} 2. g3 {[%emt 0:00:07]} Nf6 {[%emt 0:01:06]} 3. Bg2 {[%emt 0:00:05]} c6 {[%emt 0:01:56]} 4. Nc3 {[%emt 0:00:16]} Be7 {[%emt 0:03:18]} 5. e3 {[%emt 0:00:26]} O-O {[%emt 0:01:15]} 6. Nge2 {[%emt 0:00:20]} d6 {[%emt 0:07:25]} 7. d4 {[%emt 0:00:52]} exd4 {[%emt 0:02:17]} 8. Nxd4 {[%emt 0:00:14]} Qb6 {[%emt 0:07:33]} 9. O-O {[%emt 0:02:26]} Nbd7 {[%emt 0:01:40]} 10. Nf5 {[%emt 0:00:21]} Re8 {[%emt 0:08:32]} 11. Nxe7+ {[%emt 0:01:10]} Rxe7 {[%emt 0:00:09]} 12. Qxd6 {[%emt 0:00:10]} Qc5 {[%emt 0:07:25]} 13. Qxc5 {[%emt 0:01:37]} Nxc5 {[%emt 0:00:07]} 14. b3 {[%emt 0:00:11]} Nce4 {[%emt 0:04:29]} 15. Nxe4 {[%emt 0:00:49]} Nxe4 {[%emt 0:00:07]} 16. Ba3 {[%emt 0:01:41]} Re8 {[%emt 0:00:00]} 17. Rfd1 {[%emt 0:01:21]} Bf5 {[%emt 0:01:57]} 18. Bb2 {[%emt 0:00:41]} Rad8 {[%emt 0:03:16]} 19. f3 {[%emt 0:00:58]} Ng5 {[%emt 0:05:45]} 20. e4 {[%emt 0:00:59]} Bg6 {[%emt 0:02:16]} 21. Kf2 {[%emt 0:01:36]} f6 {[%emt 0:04:08]} 22. h4 {[%emt 0:01:51]} Nf7 {[%emt 0:02:59]} 23. Rd4 {[%emt 0:05:05]} Rxd4 {[%emt 0:04:12]} 24. Bxd4 {[%emt 0:00:09]} b6 {[%emt 0:01:07]} 25. Bc3 {[%emt 0:01:46]} Rd8 {[%emt 0:01:29]} 26. Ke2 {[%emt 0:00:20]} Kf8 {[%emt 0:01:08]} 27. Rd1 {[%emt 0:00:16]} Rxd1 {[%emt 0:00:52]} 28. Kxd1 {[%emt 0:00:06]} Ke7 {[%emt 0:00:19]} 29. Kd2 {[%emt 0:00:14]} Kd6 {[%emt 0:01:11]} 30. f4 {[%emt 0:00:48]} Bh5 {[%emt 0:05:37]} 31. Bh3 {[%emt 0:00:26]} Bf3 {[%emt 0:01:23]} 32. Ke3 {[%emt 0:00:22]} Bd1 {[%emt 0:00:36]} 33. b4 {[%emt 0:02:22]} Bc2 {[%emt 0:05:43]} 34. g4 {[%emt 0:01:12]} Bb1 {[%emt 0:02:00]} 35. a3 {[%emt 0:00:11]} Ba2 {[%emt 0:01:07]} 36. Bf1 {[%emt 0:00:09]} c5 {[%emt 0:04:08]} 37. g5 {[%emt 0:01:02]} fxg5 {[%emt 0:00:53]} 38. hxg5 {[%emt 0:00:10]} g6 {[%emt 0:00:41]} 39. Bd3 {[%emt 0:03:46]} Bb3 {[%emt 0:03:04]} 40. Bg7 {[%emt 0:01:07]} Ke7 {[%emt 0:07:48]} 41. Bf6+ {[%emt 0:00:42]} Kd6 {[%emt 0:00:19]} 42. Kd2 {[%emt 0:00:37]} Ke6 {[%emt 0:02:11]} 43. Kc3 {[%emt 0:01:28]} Bd1 {[%emt 0:00:25]} 44. f5+ {[%emt 0:01:11]} gxf5 {[%emt 0:01:37]} 45. exf5+ {[%emt 0:00:13]} Kd7 {[%emt 0:01:18]} 46. g6 {[%emt 0:00:36]} hxg6 {[%emt 0:00:40]} 47. fxg6 {[%emt 0:00:24]} Nh6 {[%emt 0:00:18]} 48. bxc5 {[%emt 0:00:44]} bxc5 {[%emt 0:00:15]} 49. Bg5 {[%emt 0:00:48]} Ng8 {[%emt 0:00:50]} 50. Be4 {[%emt 0:01:05]} Bg4 {[%emt 0:00:53]} 51. g7 {[%emt 0:00:24]} Be6 {[%emt 0:01:15]} 52. Bd5 {[%emt 0:00:18]} a5 {[%emt 0:04:10]} 53. Kb3 {[%emt 0:01:40]} a4+ {[%emt 0:02:31]} 54. Kc3 {[%emt 0:00:53]} Kd6 {[%emt 0:00:37]} 55. Be4 {[%emt 0:00:47]} Bd7 {[%emt 0:02:43]} 56. Bh7 {[%emt 0:00:31]} Be6 {[%emt 0:00:12]} 57. Bf4+ {[%emt 0:00:20]} Ke7 {[%emt 0:00:44]} 58. Bc2 {[%emt 0:00:42]} Bd7 {[%emt 0:00:21]} 59. Be3 {[%emt 0:00:13]} Kd6 {[%emt 0:00:18]} 60. Bg5 {[%emt 0:02:00]} Ke5 {[%emt 0:01:11]} 61. Bg6 {[%emt 0:01:24]} Ke6 {[%emt 0:01:49]} 62. Kd3 {[%emt 0:01:18]} Ke5 {[%emt 0:00:31]} 63. Bf7 {[%emt 0:01:12]} Be6 {[%emt 0:00:16]} 64. Bxe6 {[%emt 0:00:41]} Kxe6 {[%emt 0:00:08]} 65. Ke4 {[%emt 0:00:24]} Kd6 {[%emt 0:01:13]} 66. Kf5 {[%emt 0:00:12]} Kd7 {[%emt 0:00:17]} 67. Ke5 {[%emt 0:00:13]} Ke8 {[%emt 0:01:31]} 68. Ke6 {[%emt 0:02:13]} 1-0

[Event "29. Klatovy C 2023"]
[Site "Klatovy"]
[Date "2023.07.01"]
[Round "1.6"]
[White "Novotny, Jaromir"]
[Black "Baumruk, Josef"]
[Result "0-1"]
[WhiteElo "1681"]
[BlackElo "1947"]
[PlyCount "58"]
[EventDate "2023.07.01"]
[EventType "swiss"]
[EventRounds "9"]
[EventCountry "CZE"]
[TimeControl "120+30"]

1. b3 {[%emt 0:00:06]} e5 {[%emt 0:00:56]} 2. Bb2 {[%emt 0:00:15]} Nc6 {[%emt 0:00:21]} 3. e3 {[%emt 0:00:12]} Nf6 {[%emt 0:00:49]} 4. Bb5 {[%emt 0:00:22]} d6 {[%emt 0:00:56]} 5. Ne2 {[%emt 0:00:41]} Bd7 {[%emt 0:02:09]} 6. O-O {[%emt 0:01:39]} Be7 {[%emt 0:00:31]} 7. f4 {[%emt 0:02:23]} O-O {[%emt 0:02:39]} 8. Bxc6 {[%emt 0:02:20]} Bxc6 {[%emt 0:00:17]} 9. fxe5 {[%emt 0:00:08]} dxe5 {[%emt 0:00:13]} 10. c4 {[%emt 0:02:48]} Bd6 {[%emt 0:04:58]} 11. Ng3 {[%emt 0:01:42]} Ne4 {[%emt 0:08:36]} 12. Nxe4 {[%emt 0:06:13]} Bxe4 {[%emt 0:00:07]} 13. d3 {[%emt 0:00:23]} Bg6 {[%emt 0:01:30]} 14. e4 {[%emt 0:02:41]} Qg5 {[%emt 0:01:31]} 15. Bc1 {[%emt 0:07:10]} Bc5+ {[%emt 0:02:52]} 16. Kh1 {[%emt 0:00:02]} Qh4 {[%emt 0:02:20]} 17. Nd2 {[%emt 0:00:43]} Rad8 {[%emt 0:02:49]} 18. Nf3 {[%emt 0:01:24]} Qe7 {[%emt 0:00:45]} 19. Bb2 {[%emt 0:04:38]} Bxe4 {[%emt 0:06:50]} 20. Nxe5 {[%emt 0:01:09]} f6 {[%emt 0:03:00]} 21. Ng4 {[%emt 0:01:31]} Rxd3 {[%emt 0:05:36]} 22. Qe2 {[%emt 0:01:07]} Bg6 {[%emt 0:07:49]} 23. Qxe7 {[%emt 0:02:12]} Bxe7 {[%emt 0:00:02]} 24. Nf2 {[%emt 0:03:35]} Rd2 {[%emt 0:00:57]} 25. Bc3 {[%emt 0:00:38]} Rc2 {[%emt 0:00:26]} 26. Bd4 {[%emt 0:02:34]} Rd8 {[%emt 0:05:41]} 27. Be3 {[%emt 0:00:22]} Ba3 {[%emt 0:01:52]} 28. Rad1 {[%emt 0:01:14]} Re8 {[%emt 0:08:34]} 29. Bf4 {[%emt 0:06:25]} Ree2 {[%emt 0:02:45]} 0-1

[Event "29. Klatovy C 2023"]
[Site "Klatovy"]
[Date "2023.07.01"]
[Round "1.7"]
[White "Richter, Martin1"]
[Black "Svec, Ludek"]
[Result "1-0"]
[WhiteElo "1946"]
[BlackElo "1620"]
[PlyCount "58"]
[EventDate "2023.07.01"]
[EventType "swiss"]
[EventRounds "9"]
[EventCountry "CZE"]
[TimeControl "120+30"]

1. e4 {[%emt 0:00:13]} c5 {[%emt 0:00:10]} 2. Nc3 {[%emt 0:00:12]} e6 {[%emt 0:00:24]} 3. g3 {[%emt 0:00:46]} Nc6 {[%emt 0:00:55]} 4. Bg2 {[%emt 0:00:11]} Nf6 {[%emt 0:00:25]} 5. d3 {[%emt 0:00:12]} Be7 {[%emt 0:02:26]} 6. f4 {[%emt 0:00:27]} d5 {[%emt 0:03:28]} 7. e5 {[%emt 0:01:51]} Nd7 {[%emt 0:00:17]} 8. Nf3 {[%emt 0:00:30]} Rb8 {[%emt 0:01:34]} 9. O-O {[%emt 0:00:51]} O-O {[%emt 0:00:03]} 10. Ne2 {[%emt 0:03:43]} Re8 {[%emt 0:09:18]} 11. g4 {[%emt 0:02:36]} f6 {[%emt 0:05:11]} 12. exf6 {[%emt 0:04:46]} Nxf6 {[%emt 0:01:07]} 13. g5 {[%emt 0:00:45]} Nh5 {[%emt 0:02:11]} 14. Ng3 {[%emt 0:00:23]} Nxg3 {[%emt 0:00:29]} 15. hxg3 {[%emt 0:00:12]} e5 {[%emt 0:04:46]} 16. Nh4 {[%emt 0:01:40]} Nd4 {[%emt 0:10:45]} 17. c3 {[%emt 0:21:03]} Nf5 {[%emt 0:08:08]} 18. Qf3 {[%emt 0:11:38]} e4 {[%emt 0:05:05]} 19. dxe4 {[%emt 0:03:09]} dxe4 {[%emt 0:00:28]} 20. Qxe4 {[%emt 0:24:45]} Nxg3 {[%emt 0:05:01]} 21. Qc4+ {[%emt 0:00:48]} Kh8 {[%emt 0:02:28]} 22. Rf3 {[%emt 0:02:05]} Qd1+ {[%emt 0:12:09]} 23. Kh2 {[%emt 0:00:34]} Qe2 {[%emt 0:04:21]} 24. Qa4 {[%emt 0:10:29]} b5 {[%emt 0:08:50]} 25. Qxa7 {[%emt 0:00:22]} Rb7 {[%emt 0:00:56]} 26. Qa8 {[%emt 0:00:21]} Nh5 {[%emt 0:08:51]} 27. Be3 {[%emt 0:05:08]} g6 {[%emt 0:06:24]} 28. Raf1 {[%emt 0:02:24]} Qxb2 {[%emt 0:05:00]} 29. R3f2 {[%emt 0:05:33]} Qxc3 {[%emt 0:01:01]} 1-0

[Event "29. Klatovy C 2023"]
[Site "Klatovy"]
[Date "2023.07.01"]
[Round "1.8"]
[White "Hanzlik, Jiri"]
[Black "Kucera, Jiri"]
[Result "0-1"]
[WhiteElo "1585"]
[BlackElo "1920"]
[PlyCount "63"]
[EventDate "2023.07.01"]
[EventType "swiss"]
[EventRounds "9"]
[EventCountry "CZE"]
[TimeControl "120+30"]

1. c4 {[%emt 0:00:16]} g6 {[%emt 0:01:56]} 2. Nc3 {[%emt 0:00:12]} Bg7 {[%emt 0:00:13]} 3. Qc2 {[%emt 0:00:12]} Nc6 {[%emt 0:00:35]} 4. e3 {[%emt 0:00:34]} e5 {[%emt 0:01:32]} 5. Be2 {[%emt 0:00:32]} d6 {[%emt 0:01:38]} 6. d3 {[%emt 0:00:12]} f5 {[%emt 0:02:59]} 7. Bd2 {[%emt 0:00:38]} Nf6 {[%emt 0:00:31]} 8. a3 {[%emt 0:00:53]} O-O {[%emt 0:03:08]} 9. b4 {[%emt 0:01:58]} Kh8 {[%emt 0:06:52]} 10. Bf3 {[%emt 0:02:35]} e4 {[%emt 0:13:30]} 11. Be2 {[%emt 0:00:14]} exd3 {[%emt 0:01:22]} 12. Bxd3 {[%emt 0:00:32]} Ne5 {[%emt 0:00:05]} 13. Be2 {[%emt 0:00:48]} Be6 {[%emt 0:01:29]} 14. Rc1 {[%emt 0:01:55]} Nxc4 {[%emt 0:05:06]} 15. Bxc4 {[%emt 0:00:19]} Bxc4 {[%emt 0:00:02]} 16. Nge2 {[%emt 0:02:21]} c6 {[%emt 0:10:25]} 17. O-O {[%emt 0:00:24]} Qe7 {[%emt 0:05:10]} 18. Rfe1 {[%emt 0:01:06]} Ng4 {[%emt 0:00:43]} 19. h3 {[%emt 0:00:17]} Ne5 {[%emt 0:01:01]} 20. Red1 {[%emt 0:01:50]} Nd3 {[%emt 0:12:40]} 21. Rb1 {[%emt 0:00:13]} Qh4 {[%emt 0:05:10]} 22. Be1 {[%emt 0:00:22]} Nxe1 {[%emt 0:01:52]} 23. Rxe1 {[%emt 0:00:04]} d5 {[%emt 0:05:13]} 24. Nf4 {[%emt 0:04:31]} Rae8 {[%emt 0:02:11]} 25. Nd3 {[%emt 0:02:43]} Bxd3 {[%emt 0:05:17]} 26. Qxd3 {[%emt 0:00:44]} f4 {[%emt 0:00:12]} 27. exf4 {[%emt 0:01:04]} Rxe1+ {[%emt 0:01:01]} 28. Rxe1 {[%emt 0:00:08]} Qxf4 {[%emt 0:00:04]} 29. f3 {[%emt 0:02:38]} Qd4+ {[%emt 0:00:22]} 30. Re3 {[%emt 0:00:32]} Re8 {[%emt 0:01:11]} 31. Nd1 {[%emt 0:00:16]} Rxe3 {[%emt 0:01:28]} 32. Nxe3 {[%emt 0:00:53]} 0-1

[Event "29. Klatovy C 2023"]
[Site "Klatovy"]
[Date "2023.07.01"]
[Round "1.9"]
[White "Skalny, Petr"]
[Black "Sedlak, Ludek"]
[Result "0-1"]
[WhiteElo "1561"]
[BlackElo "1885"]
[PlyCount "30"]
[EventDate "2023.07.01"]
[EventType "swiss"]
[EventRounds "9"]
[EventCountry "CZE"]

1. f4 d5 2. d4 Nf6 3. Nf3 c5 4. e3 a6 5. c3 Nbd7 6. Bd3 h5 7. O-O e6 8. Ne5 Ne4 9. Nd2 f5 10. Ndf3 Bd6 11. Ng5 Nxg5 12. fxg5 Nxe5 13. dxe5 Bxe5 14. Rf3 c4 15. Bc2 Qc7 0-1

[Event "29. Klatovy C 2023"]
[Site "Klatovy"]
[Date "2023.07.01"]
[Round "1.10"]
[White "Novotny, Jaroslav2"]
[Black "Nussbauer, Ladislav"]
[Result "1-0"]
[WhiteElo "1884"]
[BlackElo "1516"]
[PlyCount "97"]
[EventDate "2023.07.01"]
[EventType "swiss"]
[EventRounds "9"]
[EventCountry "CZE"]

1. e4 e6 2. d4 d5 3. e5 c5 4. c3 Nc6 5. Nf3 Bd7 6. a3 cxd4 7. cxd4 Nge7 8. b4 a6 9. Be2 Nf5 10. Bb2 Be7 11. Nbd2 O-O 12. O-O f6 13. Nb3 fxe5 14. dxe5 Rc8 15. Rc1 Qb6 16. Nc5 Bxc5 17. Rxc5 Na7 18. Rxc8 Rxc8 19. Nd4 Nb5 20. Nxf5 exf5 21. Qxd5+ Be6 22. Qd2 Rd8 23. Qc1 Rc8 24. Qa1 Rc2 25. Bd1 Rd2 26. Qc1 Qd8 27. Bf3 Qd7 28. Rd1 Rxd1+ 29. Qxd1 Qxd1+ 30. Bxd1 Bd5 31. f4 Kf7 32. Kf2 Ke6 33. g3 g6 34. Ke3 Kf7 35. a4 Na7 36. Kd4 Ke6 37. Kc5 Nc8 38. Be2 Na7 39. Bc3 Nc8 40. h3 Bb3 41. a5 Bd5 42. h4 Na7 43. Bc4 Bxc4 44. Kxc4 Nb5 45. Bb2 Nc7 46. Kc5 Nd5 47. Bd4 Nc7 48. Bc3 Nd5 49. Bd2 1-0